000 00522cam a2200169 a 4500
001 000018336
005 20200929165448.0
008 770920s1969 fr 000 f fre d
040 _aDO-SdBNP
_bspa
_dBNPHU
082 _a843.914
_bC626c
100 1 _aClément, François,
_d1925-
_939716
245 1 3 _aLa chasse au bonheur :
_bnouvelles /
_cFrançois Clément.
260 _aParis :
_bRobert Laffont,
_c1969.
300 _a251 p. ;
_c19 cm.
650 4 _aNovela francesa
_91075
650 4 _aLiteratura francesa
_ySIGLO XX
_94232
999 _c17857
_d17857